000 00686pam a2200217 a 4500
001 1183257
005 20180109071806.0
008 971201m19999999njua 001 0 eng
010 _a 97047425
020 _a013958661X
040 _aDLC
_cDLC
_dDLC
041 _aeng
080 _a428.24 SCH
082 0 0 _a428.24 SCH
_221
100 1 _a46
101 _aEDU
245 1 0 _aUnderstanding and using English grammar /
_cBetty Schrampfer Azar.
906 _a7
_bcbc
_corignew
_d1
_eocip
_f19
_gy-gencatlg
942 _2ddc
_cBK
999 _c39902
_d39902